000 03590nam0a22003251 4500
001 rc\4375671
005 20260407171600.0
021 _aRU
_b[60-43789]
035 _a(NLR Aleph) 008544237
090 _a8366268
_c8366268
100 _a20130416d1960 |||y0rusy50 ca
101 0 _arus
102 _aRU
105 _ay z |||||
200 1 _aВопросы организации работ по ремонту и модернизации оборудования
_e(Тезисы докладов и сообщений на Всесоюз. науч.-техн. совещании в г. Горьком 21-24 июня 1960 г.)
_fЦентр. и Горьк. обл. правл. НТО машиностроит. пром-сти. (Секция ремонта и модернизации оборудования). Гос. науч.-техн. ком. Совета Министров СССР. Гос. ком. по автоматизации и машиностроению Совета Министров СССР. Совет нар. хозяйства Горьк. экон. района
210 _aМосква
_cБ. и.
_d1960
215 _a59 с.
_d22
327 1 _aСодерж.: Организация ремонта и эксплуатации оборудования на предприятиях Горьк. совнархоза / Д.И. Дюков. Организация ремонтной службы в условиях автоматизированного производства / В.А. Нижегородцев. Организация ремонта на Новочеркасском электровозостроительном заводе и доклады других авторов / В.Д. Галдин
464 0 _12001#$aОрганизация ремонтной службы в условиях автоматизированного производства
_1700#1$aНижегородцев$bВ.А.
_tОрганизация ремонтной службы в условиях автоматизированного производства
_aНижегородцев, В.А.
464 0 _12001#$aОрганизация ремонта и эксплуатации оборудования на предприятиях Горьк. совнархоза
_1700#1$aДюков$bД.И.
_tОрганизация ремонта и эксплуатации оборудования на предприятиях Горьк. совнархоза
_aДюков, Д.И.
464 0 _12001#$aОрганизация ремонта на Новочеркасском электровозостроительном заводе
_1700#1$aГалдин$bВ.Д.
_tОрганизация ремонта на Новочеркасском электровозостроительном заводе
_aГалдин, В.Д.
606 _aПромышленное оборудование
_xРемонт
_jТезисы докладов
_2psbo
606 _aПромышленное оборудование
_xМодернизация
_jТезисы докладов
_2psbo
712 0 2 _aНТО машиностроительной промышленности
_cМосква
_9430861
_3RU\NLR\AUTH\889967260
712 1 2 _a"Новое в организации работ по ремонту и модернизации оборудования", всесоюзное научно-техническое совещание
_eГорький
_f1960
_9716044
_3RU\NLR\AUTH\8810107929
801 0 _aRU
_bNLR
_gpsbo
801 1 _aRU
_bELAR
_2rusmarc
852 _aNLR
_j60-6/5449
942 _cBOOK
980 _aNB